000 00648nam a2200217Ii 4500
003 JO-AjNU
008 230606s9999||||xx |||||||||||||| ||und||
020 _a0-13-184839-9
040 _aJO-AjNU
_beng
_erda
_cJO-AjNU
041 _aeng
050 1 4 _aHF5686.C8.H65 1994
100 3 _aHorngern,Charles T / Foster,George / Datar, Srikant M,
_eauthor
_93369
245 0 0 _aCost Accounting A Managerial Emphasis
250 _a11th ed
264 3 1 _aEnglewood: Prentice- Hall ,1994
300 _ach
336 _atext
_btxt
_2rdacontent
337 _aunmediated
_bn
_2rdamedia
338 _avolume
_bnc
_2rdacarrier
650 4 _aCost Accounting
_93370
999 _aE1760
_c1760
_d1760